000 02563nam a2200337 a 4500
001 000047544
003 DO-SdBNP
005 20231004095102.0
008 090630s2008 dr r 000 0 spa d
020 _a9789945443332
040 _aDO-SdBNP
_bspa
_cBNPHU
082 _a330.97293
_bC744n, 2007
_222
111 _aConcurso Biblioteca Juan Pablo Duarte
_96999
245 1 0 _aNueva literatura económica dominicana :
_bpremios del Concurso de Economía Biblioteca "Juan Pablo Duarte" 2007 /
_cFrank Alexis Fuentes Brito ... [et al.] ; edición Elvis Soto.
260 _aSanto Domingo :
_bBanco Central de la República Dominicana,
_c2008.
300 _axiii, 282 p. ;
_c23 cm.
490 1 _aBanco Central de la República Dominicana ;
_v108
_aNueva literatura económica dominicana ;
_v11
500 _aIncluye referencias bibliográficas y notas al pie de las páginas
505 0 _aPalabras del Lic. Valdez Albizu --
_tPalabras de Miguel Ceara-Hatton --
_gPrimera parte --
_tImpacto económico de la diabetes mellitus en la República Dominicana : Análisis y recomendaciones de políticas públicas /
_rFrank alexis Fuentes Brito, Brenda Mercedes Villanueva Rivas --
_gSegunda parte :
_tImpacto distributivo del DR-CAFTA : efectos sobre el empleo, el ingreso y la equidad en los sectores industrial y agropecuario en RD. /
_rRafael Capellán , José Manual Michel, Luis Reyes --
_gTercera parte :
_tRiesgos del mercado : valor en riesgo calculado con modelos de volatilidad condicional integrado de forma dinámica con simulación de Monte Carlo /
_rEliel D. Jiménez R.
_gCuarta parte :
_tDesalineamiento cambiario y cresimiento (Primera mensión de honor)/
_rJosé Antonio Pellerano Guzmán
_gQuinta parte :
_tEstimación del índice de condiciones monetarias para la República Dominicana/
_rAna Sierra, Edgar Morales
590 _aInventariado, 2018/ VM
650 4 _aFinanzas
_xRepública dominicana
_vCongresos, conferencias, etc.
_975161
651 4 _aRepública Dominicana
_xCondiciones económicas
_vCongresos, conferencias, etc.
_97000
651 4 _aRepública Dominicana
_xPolítica económica
_vCongresos, conferencias, etc.
_97001
700 1 _aFuentes Brito, Frank Alexis
_975162
700 1 _aSoto, Elvis
_eed.
_912338
710 2 _aBanco Central de la República Dominicana.
_bDepartamento Cultural.
_97006
830 0 _aBanco Central de la República Dominicana
_v108
_pNueva literatura económica dominicana
_n11
_975163
910 _aValidado. Control de calidad MFF
942 _2ddc
_cLBS1
999 _c47032
_d47032